Statistiken für Bundesliga-Toptorschützen pro Team

Klicken Sie hier um das Quiz zu spielen!

Allgemein

  • Dieses Quiz wurde 278 mal gespielt
  • Das Durchschnittsergebnis liegt bei 8 aus 18

Antwortstatistiken

VereinSpielerTore% Korrekt
FC Bayern MünchenGerd Müller365
98%
RB LeipzigTimo Werner63
80%
SC FreiburgNils Petersen50
66%
VfL WolfsburgEdin Dzeko66
60%
TSG 1899 HoffenheimAndrej Kramaric54
54%
Borussia MönchengladbachJupp Heynckes195
53%
Schalke 04Klaus Fischer182
51%
Bayer LeverkusenUlf Kirsten182
50%
SV Werder BremenClaudio Pizarro109
48%
FC AugsburgAlfred Finnbogason34
38%
Union BerlinSebastian Andersson6
33%
Fortuna DüsseldorfKlaus Allofs71
32%
Hertha BSC BerlinMichael Preetz84
32%
Borussia DortmundManfred Burgsmüller135
30%
Eintracht FrankfurtBernd Hölzenbein160
19%
FSV Mainz 05Mohamed Zidan/Yunus Malli29
19%
1. FC KölnHannes Löhr166
16%
SC PaderbornElias Kachunga6
10%

Verteilung der Resultate

Perzentil nach korrekt beantworteten Fragen

Anzahl Personen mit jedem Resultat

Ihre Resultats-Entwicklung

Sie haben dieses Quiz noch nicht gespielt